00474nam a22001457a 450000500170000000800410001702000140005804100120007208200140008410000510009824500780014926000470022730000300027465000240030420231030110505.0231030b |||||||| |||| 00| 0 eng d a040903326 aEnglish a347.6 ZEF aZeffert, DT, Paizies AP and Skeen ASQlEnglish aThe South African Law of Evidence /cDT Zeffert, AP Paizies and ASQ Skeen aDurban : bLexisNexis Butterworths, c2003 bxxi, 897 pages ; c25 cm. alegal practicebLaw